| 000 | 00817nam a2200241Ia 4500 | ||
|---|---|---|---|
| 003 | OSt | ||
| 005 | 20231003155851.0 | ||
| 008 | 210716s2012 xx 000 0 und d | ||
| 020 | _a9788132106357 | ||
| 040 | _cAIMIT LIBRARY | ||
| 041 | _aeng | ||
| 082 |
_a374.22 _21 _bBIJR |
||
| 100 |
_aBijapurkar, Rama. _9135946 |
||
| 245 |
_aCustomer in the boardroom : _bcrafting customer based business strategy / _cBy Rama Bijapurkar. |
||
| 250 | _a1st ed. | ||
| 260 |
_aNew Delhi : _bSage Publications , _c2012. |
||
| 300 |
_axxii, 232p. ; _bHB _c24.5 cm |
||
| 650 |
_aGeneral Management _9135947 |
||
| 651 |
_aIs the customer in the boardroom _9135948 |
||
| 651 |
_aThe customer- based business strategy framework _9135949 |
||
| 651 |
_aRemoving organizational roadblocks _9135950 |
||
| 942 |
_2ddc _cBK _e1st _k374.22 BIJR |
||
| 999 |
_c208021 _d208021 |
||